<?xml version="1.0" encoding="UTF-8"?>
<collection xmlns="http://www.loc.gov/MARC21/slim">
 <record>
  <leader>02833pam a22003498a 4500</leader>
  <controlfield tag="001">00031208</controlfield>
  <controlfield tag="005">20171026081025.0</controlfield>
  <controlfield tag="008">130926s2013                  ||||||viesd</controlfield>
  <datafield tag="020" ind1="#" ind2="#">
   <subfield code="c">0</subfield>
  </datafield>
  <datafield tag="041" ind1="0" ind2="#">
   <subfield code="a">vie</subfield>
  </datafield>
  <datafield tag="082" ind1="1" ind2="4">
   <subfield code="a">373.11</subfield>
   <subfield code="b">CH527Đ</subfield>
  </datafield>
  <datafield tag="245" ind1="1" ind2="0">
   <subfield code="a">Chuyên đề bồi dưỡng về đổi mới phương pháp dạy học và phương pháp kiểm tra đánh giá cho giáo viên bổ túc trung học phổ thông</subfield>
  </datafield>
  <datafield tag="260" ind1="#" ind2="#">
   <subfield code="a">Hà Nội</subfield>
   <subfield code="b">Đại học quốc gia Hà Nội</subfield>
   <subfield code="c">2013</subfield>
  </datafield>
  <datafield tag="300" ind1="#" ind2="#">
   <subfield code="a">151 tr.</subfield>
   <subfield code="c">27 cm.</subfield>
  </datafield>
  <datafield tag="500" ind1="#" ind2="#">
   <subfield code="a">Đầu bìa sách ghi: Bộ Giáo dục và Đào tạo MOET. Ngân hàng phát triển Châu Á ADB . Dự án PT GV THPT&amp;TCCN- Trường Đại học Vinh</subfield>
  </datafield>
  <datafield tag="653" ind1="#" ind2="#">
   <subfield code="a">Dạy học</subfield>
  </datafield>
  <datafield tag="653" ind1="#" ind2="#">
   <subfield code="a">Chuyên đề bồi dưỡng</subfield>
  </datafield>
  <datafield tag="653" ind1="#" ind2="#">
   <subfield code="a">Giáo viên</subfield>
  </datafield>
  <datafield tag="653" ind1="#" ind2="#">
   <subfield code="a">Đổi mới phương pháp</subfield>
  </datafield>
  <datafield tag="653" ind1="#" ind2="#">
   <subfield code="a">Trung học phổ thông</subfield>
  </datafield>
  <datafield tag="653" ind1="#" ind2="#">
   <subfield code="a">Kiểm tra</subfield>
  </datafield>
  <datafield tag="852" ind1="#" ind2="#">
   <subfield code="b">Kho giáo trình</subfield>
   <subfield code="j">KGT.0041937, KGT.0041938, KGT.0041939, KGT.0041940, KGT.0041941, KGT.0041942, KGT.0041943, KGT.0041944, KGT.0041945, KGT.0041946, KGT.0041947, KGT.0041948, KGT.0041949, KGT.0041950, KGT.0041951, KGT.0041952, KGT.0041953, KGT.0041954, KGT.0041955, KGT.0041956, KGT.0041957, KGT.0041958, KGT.0041959, KGT.0041960, KGT.0041961, KGT.0041962, KGT.0041963, KGT.0041964, KGT.0041965, KGT.0041966, KGT.0041967, KGT.0041968, KGT.0041969, KGT.0041970, KGT.0041971, KGT.0041972, KGT.0041973, KGT.0041974, KGT.0041975, KGT.0041976, KGT.0041977, KGT.0041978, KGT.0041979, KGT.0041980, KGT.0041981, KGT.0041982, KGT.0041983, KGT.0041984, KGT.0041985, KGT.0041986, KGT.0041987, KGT.0041988, KGT.0041989, KGT.0041990, KGT.0041991, KGT.0041992, KGT.0041993, KGT.0041994, KGT.0041995</subfield>
  </datafield>
  <datafield tag="852" ind1="#" ind2="#">
   <subfield code="j">KGT.0041958</subfield>
   <subfield code="j">KGT.0041959</subfield>
   <subfield code="j">KGT.0041960</subfield>
   <subfield code="j">KGT.0041961</subfield>
   <subfield code="j">KGT.0041963</subfield>
   <subfield code="j">KGT.0041965</subfield>
   <subfield code="j">KGT.0041967</subfield>
   <subfield code="j">KGT.0041968</subfield>
   <subfield code="j">KGT.0041969</subfield>
   <subfield code="j">KGT.0041971</subfield>
   <subfield code="j">KGT.0041972</subfield>
   <subfield code="j">KGT.0041974</subfield>
   <subfield code="j">KGT.0041975</subfield>
   <subfield code="j">KGT.0041977</subfield>
   <subfield code="j">KGT.0041978</subfield>
   <subfield code="j">KGT.0041980</subfield>
   <subfield code="j">KGT.0041981</subfield>
   <subfield code="j">KGT.0041983</subfield>
   <subfield code="j">KGT.0041984</subfield>
   <subfield code="j">KGT.0041986</subfield>
   <subfield code="j">KGT.0041988</subfield>
   <subfield code="j">KGT.0041989</subfield>
   <subfield code="j">KGT.0041991</subfield>
   <subfield code="j">KGT.0041992</subfield>
   <subfield code="j">KGT.0041994</subfield>
   <subfield code="j">KGT.0041995</subfield>
   <subfield code="j">KD.0014993</subfield>
   <subfield code="j">KGT.0041937</subfield>
   <subfield code="j">KGT.0041939</subfield>
   <subfield code="j">KGT.0041940</subfield>
   <subfield code="j">KGT.0041942</subfield>
   <subfield code="j">KGT.0041943</subfield>
   <subfield code="j">KGT.0041945</subfield>
   <subfield code="j">KGT.0041946</subfield>
   <subfield code="j">KGT.0041948</subfield>
   <subfield code="j">KGT.0041949</subfield>
   <subfield code="j">KGT.0041951</subfield>
   <subfield code="j">KGT.0041952</subfield>
   <subfield code="j">KGT.0041954</subfield>
   <subfield code="j">KGT.0041955</subfield>
   <subfield code="j">KGT.0041938</subfield>
   <subfield code="j">KGT.0041941</subfield>
   <subfield code="j">KGT.0041944</subfield>
   <subfield code="j">KGT.0041947</subfield>
   <subfield code="j">KGT.0041950</subfield>
   <subfield code="j">KGT.0041953</subfield>
   <subfield code="j">KGT.0041956</subfield>
   <subfield code="j">KGT.0041957</subfield>
   <subfield code="j">KGT.0041962</subfield>
   <subfield code="j">KGT.0041964</subfield>
   <subfield code="j">KGT.0041966</subfield>
   <subfield code="j">KGT.0041970</subfield>
   <subfield code="j">KGT.0041973</subfield>
   <subfield code="j">KGT.0041976</subfield>
   <subfield code="j">KGT.0041979</subfield>
   <subfield code="j">KGT.0041982</subfield>
   <subfield code="j">KGT.0041985</subfield>
   <subfield code="j">KGT.0041987</subfield>
   <subfield code="j">KGT.0041990</subfield>
   <subfield code="j">KGT.0041993</subfield>
  </datafield>
  <datafield tag="852" ind1="#" ind2="#">
   <subfield code="b">Kho đọc</subfield>
   <subfield code="j">KD.0014993</subfield>
  </datafield>
  <datafield tag="852" ind1="#" ind2="#">
   <subfield code="b">Kho mượn</subfield>
   <subfield code="j">KGT.0041957</subfield>
  </datafield>
  <datafield tag="910" ind1=" " ind2=" ">
   <subfield code="d">9/2013</subfield>
  </datafield>
  <datafield tag="980" ind1="#" ind2="#">
   <subfield code="a">Trung tâm Học liệu Lê Vũ Hùng, Trường Đại học Đồng Tháp</subfield>
  </datafield>
 </record>
</collection>
